Normal view
MARC view
- Macovies
Entry Materia
001 - NÚMERO DE CONTROL DEL REGISTRO
- campo de control: 53440
003 - IDENTIFICADOR DE NUMERO DE CONTROL
- campo de control: MX-MxUPN
005 - FECHA Y HORA DE LA ÚLTIMA TRANSACCIÓN
- campo de control: 20240905133544.0
008 - DATOS DE LONGITUD FIJA
- campo de control de longitud fija: 240905|| aca||babn | a|a d
040 ## - FUENTE DE LA CATALOGACIÓN
- Centro catalogador de origen: MX-MxUPN
- Lengua de catalogación: spa
150 ## - ENCABEZAMIENTO - TEMÁTICO
- Término de materia o nombre geográfico como elemento inicial: Macovies
- Subdivisión de materia general: Educación
670 ## - FUENTE EN LA QUE SE LOCALIZARON DATOS
- Cita de la fuente: Atlas sociolingüístico de pueblos indígenas en América Latina, 2022 :
- Información localizada: PÁGINA 168 (Los mocovíes viven en el sur de la provincia de Chaco y norte de la provincia de Santa Fe, con familias dispersas en casi la totalidad de esta última provincia)
- Identificador Uniforme del Recurso: https://www.unicef.org/lac/media/9791/file/PDF%20Atlas%20sociolinguistico%20de%20pueblos%20ind%C3%ADgenas%20en%20ALC-Tomo%201.pdf
902 ## - CATALOGADOR
- Catalogador: VíctorGodínez/050924
